All BattleBots Champions (Reboot) - Statistics

General Stats
  • This quiz has been taken 22 times
  • The average score is 6 of 7
Answer Stats
Championship Winner % Correct
WCII Tombstone
100%
WCI Bite Force
89%
WCIII Bite Force
89%
WCIV Bite Force
89%
WCV End Game
83%
WCVII SawBlaze
83%
WCVI Tantrum
83%
No matching quizzes found
Score Distribution
Percent of People with Each Score
Percentile by Number Answered
Your Score History
You have not taken this quiz